Library of the University of Algiers 3
Ibrahim Sultan Cheibout
شعار جامعة الجزائر 3
مكتبة جامعة الجزائر 3
إبراهيم سلطان شيبوط

تظهير الأوراق التجارية : (رقم التسجيلة. 45588)

تفاصيل مارك
000 -LEADER
fixed length control field 01223nam a2200241Ia 4500
003 - CONTROL NUMBER IDENTIFIER
control field Ost
005 - DATE AND TIME OF LATEST TRANSACTION
control field 20260507075650.0
008 - FIXED-LENGTH DATA ELEMENTS--GENERAL INFORMATION
fixed length control field 260507s9999||||xx |||||||||||||| ||und||
020 ## - INTERNATIONAL STANDARD BOOK NUMBER
International Standard Book Number 4403119957
040 ## - CATALOGING SOURCE
Transcribing agency fsecg
041 ## - LANGUAGE CODE
Language code of text/sound track or separate title ara
082 ## - DEWEY DECIMAL CLASSIFICATION NUMBER
Classification number 346.565096
100 ## - MAIN ENTRY--PERSONAL NAME
Personal name الطراونة، بسام حمد
Relator term مؤلف
245 #0 - TITLE STATEMENT
Title تظهير الأوراق التجارية :
Remainder of title دراسة مقارنة في القانونين الاردني والمصري واتفاقية جنيف الموحدة 1930 /
Statement of responsibility, etc. بسام حمد الطراونة
260 ## - PUBLICATION, DISTRIBUTION, ETC.
Place of publication, distribution, etc. عمان:
Name of publisher, distributor, etc. دار وائل للنشر والتوزيع,
Date of publication, distribution, etc. 2004
300 ## - PHYSICAL DESCRIPTION
Extent 357 صفحة؛
Other physical details إيضاحات ؛
Dimensions 24 سم
504 ## - BIBLIOGRAPHY, ETC. NOTE
Bibliography, etc. note المراجع ص. 339
520 ## - SUMMARY, ETC.
Summary, etc. الطبيعة القانونية لتظهير الاوراق التجارية- أنواع تظهير الأوراق التجارية- شروط تظهير الأوراق التجارية- الآثار القانونية لتظهير الاوراق التجارية.
653 ## - INDEX TERM--UNCONTROLLED
Uncontrolled term الأعمال التجارة
653 ## - INDEX TERM--UNCONTROLLED
Uncontrolled term الأوراق التجارية- القوانين والأنظمة- الأردن
653 ## - INDEX TERM--UNCONTROLLED
Uncontrolled term القانون التجاري- الأردن
942 ## - ADDED ENTRY ELEMENTS (KOHA)
Koha item type كتب

لا توجد مواد متاحة.

موارد الويب المفتوحة


© University of Algiers 3 All Rights Reserved
|
Implemented by LECHELAH Riad